000 00339nam a2200145Ia 4500
008 230718s9999 xx 000 0 und d
041 _aEng.
082 _a780
_bBAG-M
100 _aBagehet, Richard
245 0 _aMusic Business Agreements
260 _aPakistan
_bSweet and Maxwel
_c1995
300 _a383
650 _aLaw
999 _c26557
_d26557